000 01761cam a22005174i 4500
003 PE-LiUPU
005 20250731165606.0
008 150706s r 000 0 d
020 _a9789875911536
035 _a(Sirsi) i9789875911536
040 _aPE-LiUPU
_bspa
_cPE-LiUPU
_erda
049 _aPRUA
082 0 4 _a025
_bT19
_221
100 1 _aTanodi, Aurelio,
_eautor.
245 1 0 _aManual de archivología hispanoamericana :
_bteorías y principios /
_cAurelio Tanodi.
264 1 _aCórdoba :
_bBrujas,
_c2009.
300 _a300 páginas ;
_c24 centímetros
336 _atext
_2rdacontent
337 _aunmediated
_2rdamedia
338 _avolume
_2rdacarrier
504 _aIncluye notas bibliográficas.
505 0 _aArchivo-Archivalia-Archivística -- Instituciones y disciplinas afines -- Clases de archivos -- Ordenación y descripción -- Cuestiones del personal.
526 _aSEG44
526 _aSEG26
526 _aP151
526 _aP150
526 _aP149
526 _aP146
526 _aP145
526 _aP126
526 _aP125
526 _aP92
526 _aP75
526 _aP74
526 _aP27
526 _aP15
541 _g015-0011205;
650 0 4 _aArchivística.
700 1 _aTanodi, Branka,
_erev.
910 _agl
_cjvm
_d2010305
942 _2ddc
_cBOOK
949 _a025 T19
_wDEWEY
_c1
_i61214
_lCCODEBUL1
_mBUL
_p98.00
_r0
_sY
_tBOOK
_u2015-7-6
_xFCE
_zAGB
_0COMPRA
_o.STAFF. Colección General
994 _aC0
_bPEPRU
596 _a1
999 _a025 T19
_wDEWEY
_c50483
_i61214
_f2021-11-4
_g6
_lCCODEBUL1
_mBUL
_p98.00
_r0
_sY
_tBOOK
_u2015-7-6
_xBIBLIOTECA
_zAGB
_0COMPRA
_o.STAFF. Colección General
_d50483
980 _81
_gALBERTO SANCHEZ Responsable de Automatización